Jak investovat aneb anatomie burzovních lží

Salvato in:
Dettagli Bibliografici
Autore principale: Svoboda, Martin
Natura: Libro
Lingua:ceco
Pubblicazione: Brno CP Books 2005
Edizione:2. vydání
Soggetti:
Tags: Aggiungi Tag
Nessun Tag, puoi essere il primo ad aggiungerne!!

MARC

LEADER 00000nam$a2200000$$$4500
001 0054639
005 20240313133039.9
020 |a 80-251-0527-X 
041 0 |a cze 
044 |a CZ 
245 1 0 |a Jak investovat aneb anatomie burzovních lží  |c Martin Svoboda 
250 |a 2. vydání 
264 1 |a Brno  |b CP Books  |c 2005 
300 |a 198 s.  |e 1 CD-ROM 
610 2 0 |a investovanie 
610 2 0 |a burzy 
610 2 0 |a akcie 
610 2 0 |a zručnosti 
610 2 0 |a emitenti 
610 2 0 |a obchody burzové 
610 2 0 |a trh burzový 
610 2 0 |a portfólio 
100 1 |a Svoboda, Martin